[Event "GER-chT U20 Girls"]
[Site "Osnabrueck"]
[Date "2018.12.27"]
[Round "1.4"]
[White "Sereda, Yaroslava"]
[Black "Pietsch, Virginia Atlanta"]
[Result "1-0"]
[WhiteElo "1570"]
[BlackElo "1240"]
[PlyCount "47"]
[EventDate "2018.12.27"]
[EventType "team-swiss"]
[EventRounds "7"]
[EventCountry "GER"]
[SourceTitle "CBM 188 Extra"]
[Source "ChessBase"]
[SourceDate "2019.02.26"]
[SourceVersion "1"]
[SourceVersionDate "2019.02.26"]
[SourceQuality "1"]
[WhiteTeam "Solingen SG"]
[BlackTeam "Leegebruch"]
[WhiteTeamCountry "GER"]
[BlackTeamCountry "GER"]

1. e4 c5 2. Nf3 e6 3. d4 cxd4 4. Nxd4 a6 5. g3 Bd6 6. Bg2 Ne7 7. Nc3 Nbc6 8. Ndb5 Be5 9. Nd6+ Bxd6 10. Qxd6 0-0 11. 0-0 Ng6 12. f4 Qe7 13. Qxe7 Ngxe7 14. Be3 b5 15. a3 Rb8 16. Bc5 Rd8 17. e5 Bb7 18. Bd6 Re8 19. Bxb8 Rxb8 20. Rad1 Rd8 21. Ne4 Nf5 22. Rfe1 Ncd4 23. Rd2 Bc8 24. g4 1-0

[Event "GER-ch U16 Girls"]
[Site "Willingen"]
[Date "2017.06.07"]
[Round "6"]
[White "Moenster, Madita"]
[Black "Pietsch, Virginia Atlanta"]
[Result "1/2-1/2"]
[WhiteElo "1873"]
[BlackElo "1065"]
[PlyCount "54"]
[EventDate "2017.06.04"]
[EventType "swiss"]
[EventRounds "9"]
[EventCountry "GER"]
[SourceTitle "CBM 178 Extra"]
[Source "ChessBase"]
[SourceDate "2017.06.22"]
[SourceVersion "1"]
[SourceVersionDate "2017.06.22"]
[SourceQuality "1"]

1. e4 e5 2. Nf3 Nf6 3. Nc3 Bb4 4. Nxe5 d6 5. Nf3 Bxc3 6. bxc3 Nxe4 7. Bd3 Nf6 8. 0-0 0-0 9. h3 b6 10. Re1 Re8 11. Bb5 Bd7 12. Bc4 Bc6 13. Bb2 Nbd7 14. d4 Bb7 15. Ng5 Nd5 16. Qh5 N7f6 17. Qxf7+ Kh8 18. Ne6 Qe7 19. Qxe7 Rxe7 20. Re2 Rae8 21. Rae1 Kg8 22. Bxd5 Bxd5 23. Nf4 Rxe2 24. Rxe2 Rxe2 25. Nxe2 Bxa2 26. f3 Bb1 27. Nf4 Bxc2 1/2-1/2